|
|
|
|
| LEADER |
00625nab a2200169 i 4500 |
| 001 |
misc3645 |
| 005 |
20191106141843.0 |
| 008 |
170607s1946 hu o 0|| hun d |
| 040 |
|
|
|a SZTE Miscellanea Repozitórium
|b hun
|
| 041 |
|
|
|a hun
|
| 100 |
1 |
|
|a Gorkij Maxim
|
| 245 |
1 |
0 |
|a Azt hiszem, hogy mióta csak áll a világ ...
|h [elektronikus dokumentum] :
|b [idézet] /
|c Gorkij Maxim
|
| 260 |
|
|
|c 1946
|
| 300 |
|
|
|a 79
|
| 490 |
0 |
|
|a Irodalom, tudomány : a Magyar-Szovjet Művelődési Társaság folyóirata
|v 1 No. 4
|
| 695 |
|
|
|a Orosz irodalom - idézet
|
| 856 |
4 |
0 |
|u http://misc.bibl.u-szeged.hu/3645/1/irtud_004_079.pdf
|z Dokumentum-elérés
|